Metodología del atletismo
שמור ב:
| Main Authors: | , , |
|---|---|
| פורמט: | ספר |
| שפה: | ספרדית |
| יצא לאור: |
Barcelona
Paidotribo
1989
|
| סדרה: | Colección Deporte
|
| נושאים: | |
| תגים: |
הוספת תג
אין תגיות, היה/י הראשונ/ה לתייג את הרשומה!
|
MARC
| LEADER | 00000nam a2200000 a 4500 | ||
|---|---|---|---|
| 001 | UCW6701 | ||
| 003 | CL-VaPUC | ||
| 008 | 920427e19890000SP |||||||||||||||||spa|d | ||
| 082 | 0 | 4 | |a 796.4 |b RIU |2 21 |
| 100 | 0 | |a Rius Sant, Joan |e author |9 311739 | |
| 700 | 0 | |a Castel, Antonio |e author |9 311740 | |
| 700 | 0 | |a Reig, Francesc |e author |9 311741 | |
| 245 | 1 | 0 | |a Metodología del atletismo |
| 300 | |a 387 p | ||
| 942 | |c BK | ||
| 945 | |d 19920427 00:00:00 | ||
| 260 | |a Barcelona |b Paidotribo |c 1989 | ||
| 650 | 0 | |a Atletismo |9 307422 | |
| 650 | 7 | |a ENTRENAMIENTO ATLETICO |2 CL-VaPUC |9 311742 | |
| 583 | |a last modification |c 19920427 00:00:00 |k Rodrigo Vera | ||
| 490 | 0 | |a Colección Deporte | |
| 999 | |c 219670 |d 219668 | ||
| 952 | |0 0 |1 0 |4 0 |6 796_400000000000000_RIU_1989 |7 0 |8 A |9 210874 |a BIBEDU |b BIBEDU |d 2019-11-15 |i 279098K |o 796.4 RIU 1989 |p 279098K |r 2019-11-15 |w 2019-11-15 |y BK |k EDU | ||